000 00589nam a2200217Ia 4500
008 101110s9999 xx 000 0 und d
041 _aMARATHI
082 _bSR33159
100 _aLiman S.S.
245 _aPayabhut Abhyas -I (FYBA,BCOM,BSC)
260 _c2009
_bSheth publishres, Mumbai
300 _a248
365 _b85
520 _aPersonality Development
546 _aMARATHI
630 _aPayabhut Abhyas -I (FYBA,BCOM,BSC)
650 _aPersonality Development
655 _aPersonality Development
730 _aPayabhut Abhyas -I (FYBA,BCOM,BSC)
942 _cBOOK
999 _c825660
_d825657